Diferenciácia produkcie služieb cestovného ruchu v SR a v krajinách V4 diplomová práca

Gespeichert in:
Bibliographische Detailangaben
1. Verfasser: Kršková, Katarína
Körperschaft: Obchodná fakulta EU. Katedra služieb a cestovného ruchu - zrušené
Weitere Verfasser: Benešová, Dana, 1958-
Format: Buch
Sprache:Slowakisch
Veröffentlicht: Bratislava 2019
Tags: Tag hinzufügen
Keine Tags, Fügen Sie das erste Tag hinzu!

MARC

LEADER 00000nbm a2200000 4500
001 0254071
005 20191029091856.4
041 0 |a slo 
044 |a SK 
245 1 0 |a Diferenciácia produkcie služieb cestovného ruchu v SR a v krajinách V4  |b diplomová práca  |c Katarína Kršková ; školiteľ: Dana Benešová 
264 1 |a Bratislava  |c 2019 
300 |a 62 s. 
100 1 |a Kršková, Katarína 
700 1 |a Benešová, Dana, 1958- 
710 2 |a Obchodná fakulta EU. Katedra služieb a cestovného ruchu - zrušené